Exclusión y diálogo en la confrontación de hegemonías: notas sobre la relocalización de influencias en el campo religioso latinoamericano /
El artículo da un panorama de los cambios recientes que han tenido lugar en la demografía religiosa latinoamericana, la presencia de la religión en la reconformación de las relaciones de poder, y los problemas conceptuales que nos plantea la contradicción entre diálogo y exclusión en el nuevo contex...
Guardado en:
| 主要作者: | |
|---|---|
| 格式: | Texto |
| 主題: | |
| 標簽: |
添加標簽
沒有標簽, 成為第一個標記此記錄!
|
MARC
| LEADER | 00000 a a2200000 04500 | ||
|---|---|---|---|
| 001 | 40166 | ||
| 003 | |||
| 040 | |||
| 100 | |a Alonso, Aurelio | ||
| 245 | |a Exclusión y diálogo en la confrontación de hegemonías: |b notas sobre la relocalización de influencias en el campo religioso latinoamericano / |c Aurelio Alonso | ||
| 520 | |a El artículo da un panorama de los cambios recientes que han tenido lugar en la demografía religiosa latinoamericana, la presencia de la religión en la reconformación de las relaciones de poder, y los problemas conceptuales que nos plantea la contradicción entre diálogo y exclusión en el nuevo contextos. | ||
| 590 | |a Diseminar/200908/RRA/ENERO2011 | ||
| 650 | |a 1.RELIGION | ||
| 650 | |a 2.CAMBIO SOCIAL | ||
| 650 | |a 3.CAMBIO ECONOMICO | ||
| 650 | |a 4.CATOLICISMO | ||
| 650 | |a 5.PROTESTANTISMO | ||
| 650 | |a 6.AMERICA LATINA | ||
| 650 | |a 7.CARIBE | ||
| 773 | |g páginas 15-40 | ||
| 999 | |c 26467 |d 26467 | ||
